Lataa...

The contrary view; glimpses of fudge and gold.

Bibliografiset tiedot
Päätekijä: Grigson, Geoffrey
Aineistotyyppi: Printed Book
Kieli:English
Julkaistu: [London, New York] Macmillan [1974]
Aiheet:
LEADER 00842cam a2200241 4500
008 740606s1974 enk b 000 0 eng
010 |a  74167030  
015 |a GB*** 
020 |a 0333149246 
043 |a e-uk---  |a n-us--- 
082 0 0 |a 821/.009 
100 1 |a Grigson, Geoffrey, 
245 1 4 |a The contrary view;  |b glimpses of fudge and gold. 
260 |a [London,  |a New York]  |b Macmillan  |c [1974] 
300 |a x, 243 p.  |c 23 cm. 
350 |a £4.95 
504 |a Includes bibliographical references. 
650 0 |a Chemistry  |x Study and teaching 
650 0 |a English literature  |x History and criticism. 
906 |a 7  |b cbc  |c orignew  |d 3  |e ncip  |f 19  |g y-gencatlg 
942 |c BK 
999 |c 200547  |d 200547 
952 |0 0  |1 0  |4 0  |6 821_090000000000000_GRI_C  |7 0  |9 221946  |a ENG  |b ENG  |c ST1  |d 2017-05-26  |i 11183  |l 0  |o 821.09 GRI/C  |p ENG11183  |r 2017-05-26  |w 2018-08-21  |y BK